[Event "POL-ch U13 Qual"]
[Site "Jastrzebia Gora"]
[Date "2021.11.17"]
[Round "4"]
[White "Kempinski, Szymon"]
[Black "Kozik, Maksymilian"]
[Result "0-1"]
[WhiteElo "1103"]
[BlackElo "1201"]
[PlyCount "118"]
[EventDate "2021.11.15"]
[EventType "swiss"]
[EventRounds "9"]
[EventCountry "POL"]
[SourceTitle "EXT 2023"]
[Source "ChessBase"]
[SourceDate "2022.10.05"]
[SourceVersion "1"]
[SourceVersionDate "2022.10.05"]
[SourceQuality "1"]

1. e4 e5 2. Bc4 Nf6 3. d3 Bc5 4. Nc3 d6 5. Nf3 Bg4 6. h3 Bh5 7. Bg5 c6 8. g4 Bg6 9. Qd2 Nbd7 10. 0-0-0 a5 11. a4 Qb6 12. Be3 Bxe3 13. Qxe3 Qxe3+ 14. fxe3 Nb6 15. Bb3 0-0-0 16. Rhf1 Nfd7 17. d4 f6 18. Nh4 c5 19. Be6 Rhe8 20. d5 Kb8 21. Nxg6 hxg6 22. Bf7 Rh8 23. Rh1 g5 24. Ne2 Nxa4 25. Ng3 Nab6 26. Nf5 Nf8 27. Rdf1 g6 28. Ng3 Nbd7 29. Kd2 Rh7 30. Be6 Re8 31. Bxd7 Nxd7 32. Ne2 Reh8 33. Rf3 Rh4 34. Rg3 Kc7 35. Nc3 Kb6 36. Ke2 c4 37. Kf2 Ka6 38. Kg2 b5 39. Rf3 b4 40. Nd1 Rf8 41. Rhf1 Kb7 42. Nf2 Nc5 43. Ra1 Kb6 44. Rf1 a4 45. Ra1 Kb5 46. Kf1 Rh7 47. Ke2 Ra7 48. Rg3 a3 49. Rgg1 Ra6 50. Rgb1 a2 51. Rf1 Na4 52. Nd1 Nc5 53. Kf3 Rh8 54. Rh1 Rf8 55. Nf2 b3 56. c3 Rh8 57. Rh2 Ra7 58. Kg3 Rah7 59. Kf3 Na4 0-1